000 00688nam a22001337a 4500
040 _cRUA
082 _aLMA SON 2023 B1-398 Or.1
100 _aSONG HENGVIREAK BUTH សុង ហេងវិរៈបុត្រ
245 _aUSING DRONE TO GENERATE ORTHOPHOTO MAPS AND ALTITUDE DATA (DTM) ការប្រើប្រាស់ ដ្រូន ដើម្បីផលិតផែនទី អ័រតូហ្វូតូ និងទិន្នន័យរយៈកម្ពស់ ឌីធីអឹម
260 _aRUA
_bPHNOM PENH
_c2023
300 _ax
_bill
_c29cm
856 _uhttps://drive.google.com/file/d/1s8oWcr3qxeekkY22u7DHFzD8DOOYgMOc/view?usp=sharing
942 _cLMA
999 _c24928
_d24928